| 000 | 01324nac a22003011u 4500 | ||
|---|---|---|---|
| 010 | _a 2002116788 | ||
| 020 | _a0324400829 | ||
| 020 | _a0324400829 (CD-ROM) | ||
| 082 | 0 | 0 |
_a658.403 _bALB |
| 090 |
_c7443 _d7443 |
||
| 100 | _aAlbright, S. Christian | ||
| 245 | 1 | 0 |
_aData analysis & Decision making with Microsoft Excel / _cS. Christian Albright, Wayne L. Winston, Christopher Zappe ; with case studies by Mark Broadie, Peter Kolesar. |
| 250 | _a3rd ed. | ||
| 260 |
_aBelmont, CA : _bThomson/Brooks/Cole,2006 _c2006 |
||
| 300 |
_a1048 p. : _bill. ; _c27 cm. + _e1 CD-ROM (4 3/4 in.) |
||
| 500 | _adistributer: Al-Ahram | ||
| 500 | _aCD-ROM includes latest version of Stat Pro and Decision Tools. | ||
| 504 | _aBibliography:(p. 1074-1076) and index. | ||
| 511 | _acatalogued by: Wessam | ||
| 650 | 0 |
_aIndustrial management _xStatistical methods _xComputer programs. |
|
| 650 | 0 |
_aDecision making _xComputer programs. |
|
| 700 | 1 | _aWinston, Wayne L. | |
| 700 | 1 |
_aZappe, Christopher J. _q(Christopher James), _d1961- |
|
| 700 | 1 | _aAlbright, S. Christian. | |
| 856 | 4 | 1 |
_3Table of contents _uhttp://www.loc.gov/catdir/toc/fy038/2002116788.html |
| 942 |
_cBB _k658.403ALB |
||
| 999 |
_c7443 _d7443 |
||